000 00561nam a22001697a 4500
020 _qHardcover.
082 _a620.1
100 _aAtiq, Muhammad Saad
245 _aFINITE ELEMENT MODEL DEVELOPMENT FOR THE MACHINING OF AL-6061 ALLOY
_cMuhammad Saad Atiq.
260 _aIslamabad:
_bSMME - NUST,
_c2017.
300 _a60 p.: ill.;
_c30cm.
650 _aMS-Thesis
_918721
700 _aDr. Aamir Mubashar
_920986
856 _uhttp://10.250.8.41:8080/xmlui/handle/123456789/12878
942 _2ddc
_cTHE
999 _c529257
_d529257